| 000 | 00747nam a2200229Ii 4500 | ||
|---|---|---|---|
| 003 | JO-AjNU | ||
| 008 | 230605s9999||||xx |||||||||||||| ||und|| | ||
| 017 | _a2006/2284 | ||
| 020 | _a977-04-49-03-2 | ||
| 040 |
_aJO-AjNU _bara _erda _cJO-AjNU |
||
| 041 | _aara | ||
| 050 | 1 | 4 | _aHG1588.R8754 2006 |
| 100 | 3 |
_aتأليف: صالح، رشدي صالح عبد الفتاح, _eauthor _934170 |
|
| 245 | 0 | 0 | _aالتمويل المصرفي للمشروعات |
| 250 | _aط1 | ||
| 264 | 3 | 1 | _aد.م:د.ن، 2006 |
| 300 |
_a316ص _bيحتوي على ببلوغرافية من 313-316ص |
||
| 336 |
_atext _btxt _2rdacontent |
||
| 337 |
_aunmediated _bn _2rdamedia |
||
| 338 |
_avolume _bnc _2rdacarrier |
||
| 650 | 4 |
_aالمصارف- تمويل _934171 |
|
| 999 |
_aA13980 _c17548 _d17548 |
||